| 000 | 00418nam a2200157 4500 | ||
|---|---|---|---|
| 003 | OSt | ||
| 008 | 241030b |||||||| |||| 00| 0 eng d | ||
| 041 | _aeng | ||
| 082 |
_a621.47 _bRAM/BI |
||
| 245 | _aBiomass energy system / | ||
| 260 |
_aNew Delhi : _bTata Energy Research Institute, _c1997. |
||
| 300 | _a478p. | ||
| 700 |
_aVenkata Ramana P (editor.) _96349 |
||
| 700 |
_aSrinivas S N (editor.) _96350 |
||
| 942 | _cBK | ||
| 999 |
_c18144 _d18144 |
||